Informe anual 1997

Gardado en:
Detalles Bibliográficos
Autor Corporativo: Banco Santander Chile (Author)
Formato: Libro
Idioma:Lingua castelá
Publicado: Santiago Banco Santander 1998
Subjects:
Tags: Engadir etiqueta
Sen Etiquetas, Sexa o primeiro en etiquetar este rexistro!

MARC

LEADER 00000nam a2200000 a 4500
001 UCM4291
003 CL-VaPUC
008 020814e19980000CL |||||||||||||||||spa|d
082 0 4 |a 332.1  |b BAN  |2 21 
110 2 |a Banco Santander Chile  |e author  |9 470830 
245 1 0 |a Informe anual 1997 
300 |a 143 p 
942 |c BK 
945 |d 20020814 00:00:00  |a cmena 
260 |a Santiago  |b Banco Santander  |c 1998 
650 0 |a Bancos  |9 254963 
650 7 |a ESTADOS FINANCIEROS  |2 CL-VaPUC  |9 470831 
650 7 |a BANCOS PRIVADOS  |2 CL-VaPUC  |9 470832 
650 0 |a Proyectos de inversión   |9 261065 
583 |a last modification  |c 20020814 00:00:00  |k Rodrigo Vera 
999 |c 301076  |d 301074 
952 |0 0  |1 0  |4 0  |6 332_100000000000000_BAN_1998  |7 0  |8 A  |9 359746  |a BIBGIM  |b BIBGIM  |d 2019-11-21  |i 3836894  |o 332.1 BAN 1998  |p 3836894  |r 2025-01-15  |w 2019-11-21  |y BK  |k GIM